000
00268nam a2200109Ia 4500
008
220204s9999 xx 000 0 und d
082
_a
327.84(73)
_b
JEF
100
_a
Jeffrey-Jones, R
245
0
_a
American espionage
260
_a
London
_b
Free Press
_c
1977
942
_c
BK
999
_c
29162
_d
29162